Nuages flottants

Kaydedildi:
Detaylı Bibliyografya
Yazar: Hayashi, Fumiko (Yazar)
Materyal Türü: Kitap
Dil:Fransızca
Baskı/Yayın Bilgisi: Mónaco Le Rocher 2005
Konular:
Etiketler: Etiketle
Etiket eklenmemiş, İlk siz ekleyin!

MARC

LEADER 00000nam a2200000 a 4500
001 UCK5650
003 CL-VaPUC
008 050805e20050000mc |||||||||||||||||fre|d
020 |a 2268053679 
082 0 4 |a 895.603  |b HAY  |2 21 
100 |a Hayashi, Fumiko  |e author  |9 521799 
245 1 0 |a Nuages flottants 
300 |a 417 p 
942 |c BK 
945 |d 20050805 00:00:00  |a jcarroza 
260 |a Mónaco  |b Le Rocher  |c 2005 
650 0 |a Literatura japonesa  |9 266543 
650 7 |a NOVELAS JAPONESAS  |2 CL-VaPUC  |9 494538 
583 |a last modification  |c 20171120 06:14:52  |k Rodrigo Vera 
999 |c 314146  |d 314144 
952 |0 0  |1 0  |4 0  |6 895_603000000000000_HAY_2005  |7 0  |8 A  |9 386098  |a BIBGIM  |b BIBGIM  |d 2019-11-22  |i 4152212  |o 895.603 HAY 2005  |p 4152212  |r 2025-01-15  |w 2019-11-22  |y BK  |k ORI 
952 |0 0  |1 0  |4 0  |6 895_603000000000000_HAY_2005  |7 0  |8 A  |9 386099  |a BIBGIM  |b BIBGIM  |d 2019-11-22  |i 4152220  |o 895.603 HAY 2005  |p 4152220  |r 2025-01-15  |w 2019-11-22  |y BK  |k ORI